000 00494nam a2200169Ia 4500
999 _c16151
_d16151
003 OSt
005 20200606115856.0
008 190216s9999||||xx |||||||||||||| ||und||
040 _cMESKC library
082 _a891.4391
_bHAN/F
100 _aHanafi, Shameem
_9342
245 0 _aFaiz Ahammed Faiz Ki Shairi /
_cShameem Hanafi
260 _bMythrey Publication,
_c2002.
_aDelhi:
300 _a91p
650 _aHindi
942 _cBK
_2ddc
_h891.4391
_iHAN/F
_k891.4391
_mHAN/F